Montana Football: Top 10 All-Time Leaders - Statistics

General Stats
  • This quiz has been taken 7 times
  • The average score is 28 of 63
Answer Stats
Category # Player Amount % Correct
Passing Yards 2 Brian Ah Yat 9,315
100%
Rushing Yards 4 Eli Gillman 3,398
100%
Rushing Yards 2 Chase Reynolds 4,067
67%
Passing Yards 8 Dalton Sneed 6,159
67%
Tackles 2 Dante Olson 397
67%
Passing Yards 1 Dave Dickenson 11,080
67%
Passing Yards 10 Drew Miller 5,900
67%
Rushing Yards 8 John Nguyen 2,066
67%
Passing Yards 3 Jordan Johnson 8,612
67%
Tackles 7 Jordan Tripp 335
67%
Interceptions T7 Justin Ford 11
67%
Receiving Yards 2 Marc Mariani 3,018
67%
Sacks 6 Patrick O'Connell 28.5
67%
Tackles 1 Robby Hauck 482
67%
Receiving Yards 9 Samori Toure 2,488
67%
Receiving Yards 4 Samuel Akem 2,711
67%
Interceptions 3 Tim Hauck 15
67%
Interceptions T4 Trumaine Johnson 13
67%
Rushing Yards 1 Yohance Humphrey 4,070
67%
Sacks 5 Andy Petek 29.0
33%
Interceptions T4 Blaine McElmurry 13
33%
Passing Yards 6 Brad Lebo 6,717
33%
Passing Yards 5 Cole Bergquist 7,505
33%
Tackles 10 Colt Anderson 313
33%
Sacks 8 Corey Falls 24.0
33%
Interceptions T7 Ed Cerkovnik 11
33%
Passing Yards 4 Grady Bennett 7,778
33%
Interceptions T7 Greg Anderson 11
33%
Interceptions T7 Greg Nygren 11
33%
Tackles 9 Jace Lewis 319
33%
Receiving Yards 1 Jamaal Jones 3,021
33%
Rushing Yards 10 Jeremy Calhoun 1,826
33%
Receiving Yards 10 Jeremy Watkins 2,402
33%
Passing Yards 7 John Edwards 6,704
33%
Receiving Yards 6 Jon Talmage 2,566
33%
Rushing Yards 5 Jordan Canada 3,435
33%
Rushing Yards 9 Josh Brannen 1,885
33%
Interceptions 1 Karl Stein 20
33%
Tackles T5 Kent Clausen 348
33%
Sacks 4 Kroy Biermann 32.0
33%
Sacks 9 Lance Spencer 23.0
33%
Rushing Yards 3 Lex Hilliard 4,018
33%
Passing Yards 9 Marty Mornhinweg 6,083
33%
Tackles T5 Matt Hermanson 348
33%
Interceptions T7 Matt Hermanson 11
33%
Receiving Yards 3 Matt Wells 2,733
33%
Interceptions 2 Mick Dennehy 16
33%
Sacks 7 Mike Murphy 27.0
33%
Tackles 8 Mike Rankin 326
33%
Rushing Yards 6 Nick Ostmo 2,625
33%
Receiving Yards 8 Raul Pacheco 2,527
33%
Rushing Yards 7 Rocky Klever 2,228
33%
Receiving Yards 5 Scott Gurnsey 2,574
33%
Receiving Yards 7 Shalon Baker 2,561
33%
Sacks 3 Tim Bush 32.5
33%
Interceptions T7 Todd Ericson 11
33%
Interceptions T7 Tony Breland 11
33%
Interceptions T4 Torrey Thomas 13
33%
Sacks 10 Trey Young 22.0
33%
Tackles 4 Tyler Joyce 356
33%
Sacks 2 Tyrone Holmes 34.5
33%
Tackles 3 Vince Huntsberger 393
33%
Sacks 1 Zack Wagenmann 38.5
33%
No matching quizzes found
Score Distribution
Percent of People with Each Score
Percentile by Number Answered
Your Score History
You have not taken this quiz